Municípios brasileiros com mais de 1 milhão de habitantes - Statistics

Estatísticas Gerais
  • Esse quiz foi jogado 136 vezes
  • A pontuação média é 16 de 17
Estatísticas das Respostas
População UF Município % Correto
6 747 815 RJ Rio de Janeiro
99%
12 325 232 SP São Paulo
99%
2 886 698 BA Salvador
98%
2 521 564 MG Belo Horizonte
97%
3 055 149 DF Brasília
97%
1 948 626 PR Curitiba
97%
1 536 097 GO Goiânia
97%
1 499 641 PA Belém
96%
2 219 580 AM Manaus
96%
2 686 612 CE Fortaleza
95%
1 488 252 RS Porto Alegre
95%
1 653 461 PE Recife
95%
1 108 975 MA São Luís
95%
1 025 360 AL Maceió
94%
1 213 792 SP Campinas
93%
1 392 121 SP Guarulhos
90%
1 091 737 RJ São Gonçalo
78%
Nenhum quiz correspondente encontrado
Distribuição das Pontuações
Porcentagem de Pessoas com Cada Pontuação
Percentil de Números Respondidos
Sua Pontuação Histórica
Você não jogou esse quiz